| 000 | 00760nam a22002651 4500 | ||
|---|---|---|---|
| 001 | 8925 | ||
| 003 | BD-RjUL | ||
| 005 | 20211208234700.0 | ||
| 008 | 140119s1955 nyua 001 0 eng | ||
| 035 |
_a(BD-RjUL)8970 _a(OCoLC)00792979 |
||
| 040 |
_aDLC/ICU _cCGU _dBD-RjUL _beng |
||
| 041 | _aeng | ||
| 082 | 0 | 0 |
_a523 _bBAA 1955 |
| 090 | _aQB45.B15x 1955 | ||
| 100 | 1 |
_aBaker, Robert Horace, _d1883- _927734 |
|
| 245 | 1 | 0 |
_aAstronomy : _ba textbook for university and college students / _cRobert Horace Baker. |
| 250 | _a6th ed. | ||
| 260 |
_aNew York : _bVan Nostrand, _c1955. |
||
| 300 |
_a528 p. : _billus. ; _c24 cm. |
||
| 504 | _aIncludes index. | ||
| 650 | 0 |
_aAstronomy. _927735 |
|
| 942 |
_2ddc _cBK |
||
| 999 |
_c8925 _d8925 |
||